<?xml version="1.0" encoding="UTF-8"?>
<record
    xmlns:xsi="http://www.w3.org/2001/XMLSchema-instance"
    xsi:schemaLocation="http://www.loc.gov/MARC21/slim http://www.loc.gov/standards/marcxml/schema/MARC21slim.xsd"
    xmlns="http://www.loc.gov/MARC21/slim">

  <leader>02037nam a22001697a 4500</leader>
  <controlfield tag="008">120613t        xxu||||| |||| 00| 0 eng d</controlfield>
  <datafield tag="020" ind1=" " ind2=" ">
    <subfield code="a">0072310022</subfield>
  </datafield>
  <datafield tag="050" ind1=" " ind2=" ">
    <subfield code="a">HG181.R72</subfield>
  </datafield>
  <datafield tag="100" ind1=" " ind2=" ">
    <subfield code="a">Rose, Peter S.</subfield>
  </datafield>
  <datafield tag="245" ind1=" " ind2=" ">
    <subfield code="a">Money and capital markets: financial institutions and instrument in a global marketplace. /</subfield>
    <subfield code="c">Peter S. Rose</subfield>
  </datafield>
  <datafield tag="250" ind1=" " ind2=" ">
    <subfield code="a">7th ed.</subfield>
  </datafield>
  <datafield tag="260" ind1=" " ind2=" ">
    <subfield code="a">U.S.A: </subfield>
    <subfield code="b">Mcgraw- Hill,</subfield>
    <subfield code="c">2000.</subfield>
  </datafield>
  <datafield tag="300" ind1=" " ind2=" ">
    <subfield code="a">xiv, 836 p.:</subfield>
    <subfield code="b">ill.;</subfield>
    <subfield code="c">24cm.</subfield>
  </datafield>
  <datafield tag="500" ind1=" " ind2=" ">
    <subfield code="a">Includes index.</subfield>
  </datafield>
  <datafield tag="505" ind1=" " ind2=" ">
    <subfield code="a">Contents: The Global financial system in perspective -- The Many roles of the financial system in the global economy -- Financial assets, money, financial transactions in the global financial system -- Sources of information for financial decision making in the money and capital markets -- The Management and regulation of financial instituitions -- The Commercial banking industry -- Nonbank thrift institutions: savings and loan associations, savings banks credit unions and money market funds -- Mutual funds, pensions funds, insurance, companies finance companies and other financial instituitions -- Interest rates and security prices -- Interest and security prices -- Interest rates in the financial system -- Relationships between interest rates and security prices -- Inflation , yield curves and duration -- Marketability, default risk, call privileges, prepayment risk, taxes and other factors affecting interest rates -- Interest rate forecasting and hedging against interest rate risk -- Financial futures and options contracts -- The Money market -- Characteristics of the money market -- Treasury bills, dealer loans, and repurchase agreements -- Banks in the money market : federal funds, negotiable CDs, and loans form the discount window -- Corporations in the money market: commercial paper and federal agency securities -- International money market instrument: bankers acceptances and eurocurrency deposits -- Central banking and monetary policy central banks around the world and role of the federal reserve system.</subfield>
  </datafield>
  <datafield tag="942" ind1=" " ind2=" ">
    <subfield code="2">lcc</subfield>
    <subfield code="c">BK</subfield>
  </datafield>
  <datafield tag="999" ind1=" " ind2=" ">
    <subfield code="c">1284</subfield>
    <subfield code="d">8784</subfield>
  </datafield>
  <datafield tag="952" ind1=" " ind2=" ">
    <subfield code="0">0</subfield>
    <subfield code="1">0</subfield>
    <subfield code="2">lcc</subfield>
    <subfield code="4">0</subfield>
    <subfield code="7">0</subfield>
    <subfield code="a">WIUC-1</subfield>
    <subfield code="b">WIUC-1</subfield>
    <subfield code="c">GEN</subfield>
    <subfield code="d">2012-06-13</subfield>
    <subfield code="l">0</subfield>
    <subfield code="o">HG181.R72</subfield>
    <subfield code="p">3309/12</subfield>
    <subfield code="r">2012-06-13 00:00:00</subfield>
    <subfield code="t">1</subfield>
    <subfield code="w">2012-06-13</subfield>
    <subfield code="y">BK</subfield>
  </datafield>
</record>
